Catálogo

Entre mi casa y mi destino : (Registro nro. 17751)

Detalles MARC
000 -LEADER
fixed length control field 01453cam a2200349 i 4500
001 - CONTROL NUMBER
control field 17751
003 - CONTROL NUMBER IDENTIFIER
control field Mx-PuUPA
005 - DATE AND TIME OF LATEST TRANSACTION
control field 20250825104149.0
008 - FIXED-LENGTH DATA ELEMENTS--GENERAL INFORMATION
fixed length control field 140415s2015 mx abd gr 000 0 spa d
020 ## - INTERNATIONAL STANDARD BOOK NUMBER
International Standard Book Number 9786070270024
Qualifying information rústica
020 ## - INTERNATIONAL STANDARD BOOK NUMBER
International Standard Book Number 9786070269875
Qualifying information colección rústica
040 ## - CATALOGING SOURCE
Original cataloging agency Mx-PuUPA
Language of cataloging spa
Transcribing agency Mx-PuUPA
Modifying agency Mx-PuUPA
Description conventions rda
041 ## - LANGUAGE CODE
Language code of text/sound track or separate title spa
043 ## - GEOGRAPHIC AREA CODE
Geographic area code n-mx--
100 1# - MAIN ENTRY--PERSONAL NAME
Personal name Suárez Lastra, Manuel,
9 (RLIN) 17322
Relator term autor
245 10 - TITLE STATEMENT
Title Entre mi casa y mi destino :
Remainder of title movilidad y transporte en México /
Statement of responsibility, etc. Manuel Suárez Lastra, Genaro Javier Delgado Campos
246 13 - VARYING FORM OF TITLE
Title proper/short title Entre mi casa y mi destino. Movilidad y transporte en México :
Remainder of title encuesta nacional de Movilidad y Transporte
250 ## - EDITION STATEMENT
Edition statement Primera edición /
Remainder of edition statement agosto
264 #1 - PRODUCTION, PUBLICATION, DISTRIBUTION, MANUFACTURE, AND COPYRIGHT NOTICE
Place of production, publication, distribution, manufacture México, D.F. :
Name of producer, publisher, distributor, manufacturer Universidad Nacional Autónoma de México,
Date of production, publication, distribution, manufacture, or copyright notice 2015
300 ## - PHYSICAL DESCRIPTION
Extent 212 páginas :
Other physical details ilustraciones, mapas, gráficas ;
Dimensions 22 cm
336 ## - CONTENT TYPE
Fuente rdacontent
Content type term texto
Content type code txt
337 ## - MEDIA TYPE
Source rdamedia
Media type term sin medio
Media type code n
338 ## - CARRIER TYPE
Source rdacarrier
Carrier type term volumen
Carrier type code nc
490 ## - SERIES STATEMENT
Series statement Los mexicanos vistos por sí mismos. Los grandes temas nacionales ;
Volume/sequential designation 15
650 #7 - SUBJECT ADDED ENTRY--TOPICAL TERM
Source of heading or term armarc
Topical term or geographic name entry element Transporte
General subdivision Encuesta
Geographic subdivision México
651 #4 - SUBJECT ADDED ENTRY--GEOGRAPHIC NAME
Geographic name México
General subdivision Condiciones económicas
Chronological subdivision Siglo XXI
700 1# - ADDED ENTRY--PERSONAL NAME
Personal name Delgado Campos, Genaro Javier,
Relator term autor
942 ## - ADDED ENTRY ELEMENTS (KOHA)
Source of classification or shelving scheme Dewey Decimal Classification
Koha item type Libro
Classification part 388.0972
Item part S35
Existencias
Withdrawn status Lost status Source of classification or shelving scheme Damaged status Not for loan Collection code Home library Current library Shelving location Date acquired Source of acquisition Cost, normal purchase price Total Checkouts Full call number Barcode Date last seen Cost, replacement price Price effective from Koha item type
    Dewey Decimal Classification     General Biblioteca Karol Wojtyla Biblioteca Karol Wojtyla Sala general 03/12/2013 Donación 0.00   388.0972 S35 2015 48134 05/01/2026 0.00 03/12/2013 Libro